First Two Letters of Countries - Statistics

General Stats
  • This quiz has been taken 33 times
    18 since last reset
  • The average score is 13 of 15
Answer Stats
Letters Country % Correct
QA Qatar
100%
EC Ecuador
94%
IC Iceland
94%
UG Uganda
94%
CY Cyprus
89%
OM Oman
89%
RW Rwanda
89%
VA Vanuatu|Vatican City
89%
DJ Djibouti
83%
LE Lesotho|Lebanon
83%
LU Luxembourg
83%
AN Antigua and Barbuda|Angola|Andorra
78%
BH Bhutan
78%
KY Kyrgyzstan
78%
SI Sierra Leone|Singapore
67%
No matching quizzes found
Score Distribution
Percent of People with Each Score
Percentile by Number Answered
Your Score History
You have not taken this quiz since the last reset